Leçons théoriques et cliniques sur la scrofule considérée en elle-nême et dans ses rapports avec la syphilis la dartre et l'arhristis / (Registro nro. 31100)

Detalles MARC
000 -LEADER
campo de control de longitud fija 00626nam a2200181 i 4500
001 - NÚMERO DE CONTROL
campo de control 31100
003 - IDENTIFICADOR DE NÚMERO DE CONTROL
campo de control ES-MaACL
005 - FECHA Y HORA DE LA ÚLTIMA TRANSACCIÓN
campo de control 20230906154317.0
007 - CAMPO FIJO DE DESCRIPCIÓN FÍSICA--INFORMACIÓN GENERAL
campo de control de longitud fija t|
008 - DATOS DE LONGITUD FIJA--INFORMACIÓN GENERAL
campo de control de longitud fija 030128s1861 fr ||||1| fre d
100 1# - ENTRADA PRINCIPAL--NOMBRE DE PERSONA
Nombre de persona Bazin, Antoine-Pierre Ernest.
9 (RLIN) 26746
245 10 - MENCIÓN DEL TÍTULO
Título Leçons théoriques et cliniques sur la scrofule considérée en elle-nême et dans ses rapports avec la syphilis la dartre et l'arhristis /
Mención de responsabilidad, etc. par Antoine-Pierre Ernest Bazin.
250 ## - MENCION DE EDICION
Mención de edición 2eme ed.
260 ## - PUBLICACIÓN, DISTRIBUCIÓN, ETC.
Lugar de publicación, distribución, etc. París :
Nombre del editor, distribuidor, etc. [s.n.,
Fecha de publicación, distribución, etc. 1861] (
Fabricante E. Martinet)
300 ## - DESCRIPCIÓN FÍSICA
Extensión XXXV, 668 p. ;
Dimensiones 22 cm.
650 04 - PUNTO DE ACCESO ADICIONAL DE MATERIA--TÉRMINO DE MATERIA
Término de materia o nombre geográfico como elemento de entrada Sífilis.
9 (RLIN) 17092
852 ## - LOCALIZACIÓN
Ubicación ES-MaACL
Número de control de estantería G-14080
Existencias
Estatus retirado Estado de pérdida Estado de daño No para préstamo Colección Biblioteca de origen Biblioteca actual Ubicación en estantería Fecha de adquisición Fuente de adquisición Total de préstamos Signatura topográfica completa Código de barras Visto por última vez Precio de reemplazo Tipo de ítem Koha
        Libros del s. XIX Biblioteca del Ateneo de Madrid Biblioteca del Ateneo de Madrid Sala Pecera Planta 3 17/01/2008     G-14080 1032129 23/02/2023 23/02/2023 Libro impreso antiguo